[Event "Sampa Chess Open 2024"]
[Site "Sao Paulo"]
[Date "2024.02.03"]
[Round "7.13"]
[White "Fernandes De Sousa, Julio Cesar"]
[Black "Cruz, Natan Gomes"]
[Result "1-0"]
[WhiteElo "2162"]
[BlackElo "1888"]
[PlyCount "111"]
[EventDate "2024.01.29"]
[EventRounds "9"]
[EventCountry "BRA"]

1. e4 c6 2. Nc3 d5 3. Nf3 dxe4 4. Nxe4 Nf6 5. Qe2 Nxe4 6. Qxe4 Qd5 7. Qf4 Qf5
8. Qe3 Qe6 9. d4 Qxe3+ 10. Bxe3 Bf5 11. O-O-O e6 12. Ne5 $146 ({RR} 12. Nh4 Be4
13. f3 Bg6 14. c4 Bd6 15. d5 cxd5 16. cxd5 e5 17. Nxg6 hxg6 18. h4 Nd7 19. g4
Rc8+ 20. Kb1 Bc5 21. Bxc5 Rxc5 22. d6 g5 23. h5 Rh6 24. Rh2 Rf6 25. a3 Kd8 26.
Rhd2 a6 {Shyam,S (2509)-Bernadskiy,V (2547) Montebelluna ITA 2018 1/2-1/2 (42)}
) ({RR} 12. Nh4 Be4 13. f3 Bg6 14. Nxg6 hxg6 15. c4 Bd6 16. Bd3 Na6 17. d5 cxd5
18. cxd5 e5 19. Bxa6 bxa6 20. Kb1 Rh4 21. h3 Kd7 22. Rc1 Ra4 23. Rhd1 Ra5 24.
Rc4 Rb5 25. b3 a5 26. Kc2 a6 {Hawkins,J (2583)-Houska,J (2419) London ENG 2018
1-0 (35)}) ({RR} 12. Nh4 Bg4 13. f3 Bh5 14. g4 Bg6 15. c4 Be7 16. Nxg6 hxg6 17.
d5 cxd5 18. cxd5 exd5 19. Rxd5 O-O 20. Bc4 Rc8 21. b3 a6 22. Bb6 Rc6 23. Re1
Ba3+ 24. Kc2 Rxb6 25. Rd8+ Kh7 26. g5 Rd6 {Savchenko,B (2535)-Ufimtsev,E (2216)
Sochi RUS 2021 1-0 (31)}) 12... h5 13. Be2 Bd6 14. h3 h4 15. Bd3 Bxd3 16. Nxd3
Nd7 17. Rhe1 O-O-O 18. c4 Rh5 19. Kc2 Bc7 20. Re2 Nf6 21. f3 Rf5 22. Bf2 Nh5
23. Bxh4 Rxd4 24. Re4 Rxe4 25. fxe4 Ra5 26. Rf1 f5 27. exf5 Rxf5 28. Re1 Nf4
29. g4 Nxd3 30. Kxd3 Rf3+ 31. Re3 Rxe3+ 32. Kxe3 Kd7 33. Ke4 Bd6 34. Bf2 c5 35.
h4 Ke7 36. b4 b6 37. b5 Kf7 38. Be3 Kf6 39. Bg5+ Kg6 40. Bd8 Kf7 41. a4 Ke8 42.
Bg5 Kd7 43. h5 Bf8 44. Bf4 Ke8 45. Bb8 Kd7 46. g5 Kc8 47. Bf4 Kd7 48. h6 gxh6
49. gxh6 Bxh6 50. Bxh6 Kd8 51. Ke5 Kd7 52. Bg5 Kc8 53. Kxe6 Kc7 54. Bf4+ Kc8
55. Kd6 Kb7 56. Be3 1-0

[Event "Sampa Chess Open 2024"]
[Site "Sao Paulo"]
[Date "2024.02.03"]
[Round "7.14"]
[White "Awoki, Daniel Teidi"]
[Black "Santos, Isaque Goncalves"]
[Result "1-0"]
[WhiteElo "2152"]
[BlackElo "1996"]
[PlyCount "161"]
[EventDate "2024.01.29"]
[EventRounds "9"]
[EventCountry "BRA"]

1. d4 d5 2. Nf3 Nf6 3. c4 c6 4. e3 Bg4 5. Nc3 e6 6. Bd3 Nbd7 7. O-O ({RR} 7. h3
Bh5 8. O-O Bd6 9. b3 a6 10. Bb2 O-O 11. g4 Bg6 12. Bxg6 hxg6 13. Kg2 dxc4 14.
bxc4 e5 15. dxe5 Nxe5 16. Nxe5 Bxe5 17. Qxd8 Raxd8 18. Rad1 Bxc3 19. Bxc3 Ne4
20. Bb4 c5 21. Ba3 Nd2 {Bykhovsky,A (2520)-Ivanovic,B (2470) Moscow 1993 0-1})
7... Bd6 8. Qc2 ({RR} 8. cxd5) 8... O-O $146 ({RR} 8... Bxf3 9. gxf3 dxc4 10.
Bxc4 Nd5 11. Ne4 Bc7 12. Bd2 h5 13. f4 N5f6 14. Ng5 Nf8 15. f3 N6h7 16. Nxh7
Rxh7 17. Qb3 Rb8 18. Kh1 Qd6 19. Bb4 Qd7 20. Qa3 Ng6 21. Bd3 Rh6 22. Rg1 Nxf4
23. Rxg7 {Finch,J (1700)-Harrington,J St Peter Port 2003 1-0 (36)}) 9. b3 Qc7
10. c5 Be7 11. Bb2 e5 12. Nxe5 Nxe5 13. dxe5 Qxe5 14. Ne4 Qh5 15. Nxf6+ Bxf6
16. Bxf6 gxf6 17. h3 Bd7 18. Rad1 Kh8 19. Be2 Qe5 20. Rd4 Rg8 21. Rh4 Rg7 22.
Rh5 f5 23. Bf3 Rag8 24. Rd1 Qf6 25. Kf1 Rg5 26. Rxg5 Qxg5 27. Rd4 Qd8 28. Rf4
Bc8 29. g3 Qf6 30. h4 b6 31. Kg2 b5 32. Be2 a5 33. Qd2 b4 34. Qd4 Qxd4 35. Rxd4
Re8 36. Bd3 Be6 37. Rf4 Kg7 38. Bxf5 Bxf5 39. Rxf5 Rb8 40. e4 dxe4 41. Kf1 Rd8
42. Ke2 Rd3 43. Re5 Rc3 44. Kd2 Kf6 45. Rxe4 Rxc5 46. Re3 Kf5 47. Rf3+ Ke6 48.
g4 f6 49. Re3+ Kf7 50. Rd3 h5 51. f3 Ke6 52. Ke3 Re5+ 53. Kf4 Kf7 54. Rd2 Rc5
55. g5 fxg5+ 56. hxg5 Ke6 57. Re2+ Kf7 58. Rd2 Ke6 59. Re2+ Kf7 60. Re1 Rc2 61.
Rd1 Rxa2 62. Kf5 Re2 63. Rd7+ Ke8 64. Ra7 Re3 65. f4 h4 66. Kf6 h3 67. Rh7 a4
68. Rh8+ Kd7 69. Rh7+ Kd6 70. g6 axb3 71. g7 Rg3 72. Rxh3 Rg4 73. f5 c5 74.
Rxb3 Kd5 75. Kf7 Kc4 76. Rb1 Kc3 77. g8=Q Rxg8 78. Kxg8 Kc2 79. Rh1 b3 80. f6
b2 81. f7 1-0

[Event "Sampa Chess Open 2024"]
[Site "Sao Paulo"]
[Date "2024.02.03"]
[Round "7.15"]
[White "Cueto, Jonny"]
[Black "Tsuboi, Edson Kenji"]
[Result "1-0"]
[WhiteElo "2108"]
[BlackElo "2200"]
[PlyCount "109"]
[EventDate "2024.01.29"]
[EventRounds "9"]
[EventCountry "BRA"]

1. d4 {Finkel,A} Nf6 2. Nf3 g6 3. Bf4 Bg7 4. Nc3 d5 5. e3 ({RR} 5. Qd2 Ne4 6.
Nxe4 dxe4 7. Ne5 O-O) 5... Bg4 6. Be2 c6 7. Ne5 Bxe2 8. Qxe2 Qa5 $146 ({RR} 
8... Nh5 9. Bg5 ({RR} 9. Bg5 Nd7 ({RR} 9... f6 10. g4 fxe5 11. gxh5 h6 12. Bh4
g5 13. Bg3 exd4 14. exd4 Bxd4 15. Qd3 Bf6 16. O-O-O) 10. g4 ({RR} 10. f4 f6 11.
Nxd7 Qxd7 12. Bh4 f5 13. O-O O-O 14. Kh1 Rac8 15. Na4 b6 16. c4 c5) 10... Bxe5
11. gxh5 Bf6 12. h4 Qb6 13. O-O-O O-O-O 14. f4 Rde8 15. hxg6 hxg6) ({RR} 9.
O-O-O e6 10. h4 Nxf4 11. exf4 Nd7 12. h5 Qf6 13. g3 O-O-O 14. Rd3 Nb6 15. Nd1
Kb8 16. Ne3 Qe7) 9... Nd7 10. g4 Bxe5 11. gxh5 Bf6 12. h4 Qb6 13. O-O-O O-O-O
14. f4 Rde8 15. hxg6 hxg6 16. h5 Bxg5 17. fxg5 gxh5 18. Rxh5 e5 19. Rxh8 Rxh8
20. Qg4 exd4 21. exd4 Qd8 22. Qf4 {1/2-1/2 (22) Murshed,N (2415)-Thipsay,P 
(2485) Kolkata 1986}) ({RR} 8... Nh5 9. h4 Nd7 ({RR} 9... Nxf4 10. exf4 h5 11.
O-O-O Nd7 12. Kb1 e6 13. g3 Bxe5 14. fxe5 Qa5 15. Rhe1 b5 16. Qe3 Qb6 17. Ne2
a5) 10. Bh2 Nhf6 11. O-O-O Ne4 ({RR} 11... h5 12. Kb1 ({RR} 12. e4 Nxe4 13.
Nxe4 dxe4 14. Qxe4 Nf6 15. Qd3 Qd5) 12... Qb6 13. e4 Nxe5 14. Bxe5 Nxe4 15.
Nxe4 Bxe5 16. dxe5 dxe4 17. Qxe4) 12. Nxe4 dxe4 13. h5 Qa5 ({RR} 13... Nf6 14.
d5 cxd5 15. Qb5+ Kf8 16. Bg3 Nxh5 17. Rxd5 Qc8 18. Bh4) 14. Qc4 ({RR} 14. Nxd7
Kxd7 15. h6 ({RR} 15. Kb1) 15... Bf6 ({RR} 15... Bxh6 16. Be5 f6 17. Qg4+) 16.
Kb1 ({RR} 16. Qg4+ Qf5 17. Qg3 Rhc8 18. Kb1 Ke8) 16... Rhd8 17. f3 Qf5 18. fxe4
Qxe4 19. Rhf1) 14... Qd5 15. Qb3 Qxb3 16. axb3 a5 17. Bg3 a4 18. bxa4 Rxa4 19.
c3 ({RR} 19. b3 Ra1+ 20. Kd2 Rxd1+ 21. Kxd1 ({RR} 21. Rxd1 Nxe5 22. Bxe5 Bxe5
23. dxe5 Kd7 24. Ke2+ Ke6 25. Rd4 Kxe5 26. Rd7 Ke6 27. Rxb7 gxh5) 21... Nxe5
22. Bxe5 O-O 23. Bxg7 Kxg7) 19... Bxe5 ({RR} 19... Ra1+) 20. dxe5 ({RR} 20.
Bxe5 Nxe5 21. dxe5 Ra5 22. e6 O-O) 20... Nc5 21. Kc2 O-O 22. Bh4 ({RR} 22. Rd4
b5 23. Bh4 Re8 24. hxg6 ({RR} 24. Bxe7 Rxd4 25. cxd4 Rxe7 26. hxg6 ({RR} 26.
dxc5 Rxe5 27. b4 Rf5) 26... Nd7 27. gxh7+ Kh8) 24... hxg6 25. f3 Nd3) 22... Nd3
23. Ra1 {Hansen,S (2537)-Sutovsky,E (2652) Malmo 2003 CBM 095 [Finkel,A] 1/2-1/
2 (42)}) ({RR} 8... Nh5 9. O-O-O e6 10. h4 Nxf4 11. exf4 Nd7 12. h5 Qf6 13. g3
O-O-O 14. Rd3 Nb6 15. Nd1 Kb8 16. Ne3 Qe7 17. N3g4 Ka8 18. Kb1 Rc8 19. Rb3 c5
20. dxc5 Rxc5 21. Nd3 Rc7 22. h6 Bd4 23. c3 {Hort,V (2595)-Sokolov,I (2570)
Biel 1988 1/2-1/2}) ({RR} 8... Nh5 9. Bg5 Nd7 10. g4 Nhf6 11. O-O-O Qa5 12. f4
h6 13. Bh4 Nxe5 14. fxe5 Nd7 15. Rhf1 g5 16. Be1 Nb6 17. e4 dxe4 18. Kb1 e3 19.
Qxe3 Nd5 20. Nxd5 Qxd5 21. h4 O-O-O 22. hxg5 Bxe5 23. gxh6 {Burgess,G (2275)
-Nielsen,P (2445) Lyngby 1991 0-1 (45)}) 9. O-O O-O 10. Rfb1 Nfd7 11. b4 Qd8
12. Nf3 Re8 13. b5 e5 14. Nxe5 Nxe5 15. Bxe5 Bxe5 16. dxe5 Rxe5 17. Qd2 Nd7 18.
Rb4 c5 19. Rf4 Nf8 20. Rd1 Ne6 21. Nxd5 Nxf4 22. exf4 Re6 23. g3 c4 24. Qd4 Rc8
25. Qxa7 b6 26. a4 Rc5 27. Ne3 Rd6 28. Rxd6 Qxd6 29. c3 Kg7 30. h4 h5 31. Qb7
Qe6 32. Qb8 Rc8 33. Qb7 Rc5 34. Kg2 Kg8 35. Kf3 f5 36. Kg2 Kh8 37. Kf1 Kg8 38.
Qf3 Qd6 39. Kg2 Kf7 40. Qa8 Kg7 41. Qe8 Kf6 42. Qg8 Ke7 43. Nxc4 Qc7 44. Qg7+
Kd8 45. Qh8+ Ke7 46. Qg7+ Kd8 47. Qg8+ Ke7 48. Ne5 Rxc3 49. Qf7+ Kd6 50. Qxg6+
Kc5 51. Qxf5 Kb4 52. Qe4+ Ka3 53. Nc6 Qd6 54. f5 Qc5 55. f6 1-0

[Event "Sampa Chess Open 2024"]
[Site "Sao Paulo"]
[Date "2024.02.03"]
[Round "7.16"]
[White "Santos, Marcus Vinicius Mor"]
[Black "De Paula, Luan Araujo"]
[Result "1-0"]
[WhiteElo "2331"]
[BlackElo "1863"]
[PlyCount "97"]
[EventDate "2024.01.29"]
[EventRounds "9"]
[EventCountry "BRA"]

1. d4 Nf6 2. c4 c5 3. d5 b5 4. cxb5 a6 5. bxa6 g6 6. Nc3 Bg7 7. g3 O-O 8. Bg2
d6 9. Nh3 Bxa6 10. O-O Nbd7 11. Qc2 Qa5 12. Bd2 Rfb8 13. Rab1 ({RR} 13. Rfe1 c4
14. Rab1 Nc5 15. b4 cxb3 16. axb3 Qa3 17. b4 Rxb4 18. Rxb4 Qxb4 19. Ne4 Qb3 20.
Qxb3 Nxb3 21. Nxf6+ Bxf6 22. Bg5 Bc3 23. Rb1 Bxe2 24. Nf4 Bc4 25. Bxe7 Be5 26.
h4 Re8 27. Bg5 h6 {Mabrouk,F (2145)-Elliott,W (2238) Baku 2016 0-1 (54)}) 13...
Ne5 ({RR} 13... Ne8 14. Nf4 Ne5 15. b3 Bc8 16. a4 Bd7 17. Rfc1 Qa7 18. Nd3 c4
19. bxc4 Nxc4 20. Rxb8 Rxb8 21. Be1 Nb6 22. Rb1 Rc8 23. Nb4 Nxa4 24. Nc6 Bxc6
25. dxc6 Nxc3 26. Bxc3 Qc5 27. Rb3 d5 28. Qd3 {Portisch,L (2600)-Cramling,P 
(2545) London 1996 1/2-1/2}) 14. b3 Qd8 $146 ({RR} 14... c4 15. Ne4 cxb3 16.
Rxb3 Qd8 17. Rxb8 Rxb8 18. Nxf6+ Bxf6 19. Bg5 Rb2 20. Qa4 Bxe2 21. Bxf6 Bxf1
22. Bxe5 Bb5 23. Qe4 dxe5 24. Bf3 f5 {0-1 (24) Pedersen,N (2300)-Tihonov,J 
(2415) Zagan 1997}) ({RR} 14... Bc8 15. Nf4 Bf5 16. e4 Bg4 17. f3 Bc8 18. a4
Ba6 19. Rfd1 Qb6 20. Be1 c4+ 21. Qf2 Qxf2+ 22. Bxf2 cxb3 23. Bd4 Nfd7 24. Kf2
Rb4 25. Nb5 Bxb5 26. axb5 Ng4+ 27. fxg4 Bxd4+ 28. Rxd4 Rxd4 29. Rxb3 {Costley,
M (2226)-Trent,L (2139) Hastings 2000 0-1 (33)}) ({RR} 14... Bc8 15. Rfe1 Bf5
16. e4 Bxh3 17. Bxh3 Nf3+ 18. Kg2 Nxe1+ 19. Rxe1 Ne8 20. Re2 Qd8 21. f4 Nc7 22.
Rf2 Nb5 23. Nxb5 Rxb5 24. f5 Qc7 25. fxg6 hxg6 26. e5 Qb7 27. Kg1 dxe5 28. Rxf7
Qxd5 29. Rxe7 {Golovchenko,G (2243)-Garces,D (2172) St Petersburg 2001 1-0 (41)
}) 15. Nf4 Bc8 16. Nd3 Bf5 17. e4 Nxd3 18. Qxd3 Bc8 19. Rfc1 Ng4 20. Qc2 Ne5
21. Bf4 Bg4 22. Bxe5 Bxe5 23. a4 Qd7 24. f3 Bh3 25. Nb5 Bxg2 26. Kxg2 Rxb5 27.
axb5 Qxb5 28. Re1 Ra3 29. Re2 Bd4 30. Qc4 Qb6 31. f4 Qa7 32. e5 Ra1 33. Rbe1
Rxe1 34. Rxe1 Qa2+ 35. Kh1 dxe5 36. fxe5 e6 37. Qe2 Qxe2 38. Rxe2 exd5 39. e6
fxe6 40. Rxe6 Bc3 41. Rd6 d4 42. Kg2 Kf7 43. Kf3 Ke7 44. Rc6 Bb4 45. Ke4 Kd7
46. Ra6 Kc7 47. Ra7+ Kb6 48. Rxh7 Bc3 49. Kd3 1-0

[Event "Sampa Chess Open 2024"]
[Site "Sao Paulo"]
[Date "2024.02.03"]
[Round "7.17"]
[White "Terao, Juliana Sayumi"]
[Black "Gazineu Neto, Rubens"]
[Result "1-0"]
[WhiteElo "2198"]
[BlackElo "1912"]
[PlyCount "49"]
[EventDate "2024.01.29"]
[EventRounds "9"]
[EventCountry "BRA"]

1. e4 c5 2. Nf3 Nc6 3. c3 Nf6 4. e5 Nd5 5. Bc4 Nb6 6. Bb3 c4 7. Bc2 d6 8. exd6
Qxd6 9. O-O Bg4 10. h3 Bh5 11. Re1 O-O-O ({RR} 11... e6 12. b3 Be7 13. Qe2 cxb3
14. axb3 O-O 15. d4 Rfd8 16. Bxh7+ Kxh7 17. Ng5+ Bxg5 18. Qxh5+ Bh6 19. Bxh6
gxh6 20. Qxf7+ Kh8 21. Qf6+ Kh7 22. Qf7+ Kh8 23. Rxe6 Rf8 24. Rxd6 Rxf7 25. d5
Rd8 26. Rxd8+ {Nakamura,H (2787)-Vachier Lagrave,M (2785) Gibraltar 2016 1/2-1/
2 (44)}) ({RR} 11... e6 12. b3 Be7 13. Na3 cxb3 14. axb3 O-O 15. d4 Nd5 16. Bd2
a6 17. Nc4 Qc7 18. Ne3 Nf4 19. Ng4 Bg6 20. Bxg6 Nxg6 21. Qe2 Rfd8 22. Rad1 b5
23. Bc1 Na5 24. Qa2 Nc6 25. Qe2 Na5 26. Qa2 {Collins,S (2456)-Kanyamarala,T 
(2398) Dublin IRL 2022 1-0 (53)}) 12. b3 Qf6 13. Na3 e6 $146 ({RR} 13... Nd5
14. Nxc4 b5 15. Be4 bxc4 16. Qe2 Ne5 17. g4 Nf4 18. Qe3 Nxh3+ 19. Kg2 Nf4+ 20.
Kf1 Nxf3 21. Bxf3 Nd3 22. gxh5 Nxe1 23. Kxe1 Qb6 24. bxc4 Qxe3+ 25. fxe3 Kc7
26. d4 e5 27. Rb1 Rb8 28. Rxb8 {Lyell,M (2108)-Graif,W (2216) Budapest HUN
2021 1/2-1/2 (60)}) ({RR} 13... Nb4 14. Be4 Bxf3 15. Qxf3 Qxf3 16. gxf3 Nd3 17.
Bxd3 Rxd3 18. Re3 Nd5 19. Re4 cxb3 20. axb3 Rxf3 21. Nc4 Kb8 22. Ne5 Rf5 23.
Nd7+ Kc8 {1/2-1/2 (23) Samolins,V (2392)-Daskevics,V (2466) Riga 2012}) ({RR} 
13... Bxf3 14. Qxf3 Qxf3 15. gxf3 cxb3 16. axb3 e6 17. d4 Nd5 18. Bd2 Bd6 19.
Re4 Rhe8 20. Nc4 Bc7 21. b4 a6 22. Kf1 Kb8 23. Rae1 Nf6 24. R4e2 Nd5 25. Re4
Nf6 26. R4e2 Nd5 27. Re4 {1/2-1/2 (27) Belyakov,B (2459)-Gabrielian,A (2490)
Taganrog RUS 2019}) 14. Nxc4 Nxc4 15. bxc4 Ne5 16. Rxe5 Bxf3 17. Qe1 Bc6 18. d4
h6 19. c5 Rg8 20. Be4 Be7 21. Rb1 Qh4 22. Bxc6 bxc6 23. Rxe6 fxe6 24. Qxe6+ Kc7
25. g3 1-0

[Event "Sampa Chess Open 2024"]
[Site "Sao Paulo"]
[Date "2024.02.03"]
[Round "7.18"]
[White "Dias, Clara"]
[Black "Ribeiro, Matheus Mendes Domi"]
[Result "0-1"]
[WhiteElo "1717"]
[BlackElo "2130"]
[PlyCount "64"]
[EventDate "2024.01.29"]
[EventRounds "9"]
[EventCountry "BRA"]

1. e4 c6 2. d4 d5 3. Nc3 dxe4 4. Nxe4 Nf6 5. Nxf6+ exf6 6. c3 Bd6 7. Bd3 O-O 8.
Qc2 Re8+ 9. Ne2 h5 10. O-O h4 11. h3 Nd7 12. Be3 ({RR} 12. Bf4 Nf8 13. Qd2 Ng6
14. Bxd6 Qxd6 15. Rae1 Be6 16. Bxg6 fxg6 17. Nc1 g5 18. Re4 Bf5 19. Rxe8+ Rxe8
20. Re1 Rxe1+ 21. Qxe1 g4 22. hxg4 Bxg4 23. Qe8+ Qf8 24. Qe4 Qc8 25. f3 Qe6 26.
Qxg4 Qe1+ {Popov,I (2636)-Artemiev,V (2731) Moscow RUS 2019 1/2-1/2}) 12... Nf8
13. Rfd1 $146 ({RR} 13. Rad1 Be6 14. Rfe1 Qd7 15. Bf4 Rad8 16. Bxd6 Qxd6 17. b3
g6 18. Qc1 Kg7 19. Bb1 Bc8 20. Nf4 g5 21. Nd3 Ng6 22. Rxe8 Rxe8 23. Re1 Rxe1+
24. Qxe1 Bf5 25. Nc5 Bxb1 26. Qxb1 b6 27. Nd3 c5 {Varshini,V (2165)-Palozza,C 
(2275) Cattolica ITA 2021 1/2-1/2 (31)}) ({RR} 13. Rad1 Be6 14. c4 Qd7 15. Nf4
Bxf4 16. Bxf4 Ng6 17. Be3 Ne7 18. Rfe1 a6 19. Bh7+ Kh8 20. Be4 Rad8 21. Qe2 g6
22. d5 cxd5 23. Bd4 Kg7 24. Qf3 Bf5 25. Bxf5 Nxf5 26. Bb6 Rxe1+ 27. Rxe1 Re8 {
Urriza Iricibar,P (2312)-Habans Aguerrea,J (2330) Pamplona ESP 2022 0-1}) ({RR
} 13. Rad1 Be6 14. c4 Qd7 15. Nf4 Bxf4 16. Bxf4 Ng6 17. Be3 Ne7 18. Rfe1 a6 19.
Bh7+ Kh8 20. Be4 Rad8 21. Qe2 g6 22. d5 cxd5 23. Bd4 Kg7 24. Qf3 Bf5 25. Bxf5
Nxf5 26. Bb6 Rxe1+ 27. Rxe1 Re8 {Urriza Iricibar,P (2312)-Habans Aguerrea,J 
(2330) Pamplona ESP 2022 0-1}) 13... Bb8 14. c4 Qc7 15. Nf4 Ne6 16. Bh7+ Kh8
17. Qe4 g5 18. Nh5 Bd7 19. Qf3 Qh2+ 20. Kf1 Nf4 21. Nxf4 gxf4 22. Bc2 Kg7 23.
Ke2 fxe3 24. fxe3 Bf4 25. e4 Qg3 26. Rd3 Qxf3+ 27. Rxf3 Bg5 28. Raf1 Re7 29. g4
a5 30. c5 Be6 31. Kd3 b5 32. b3 Rd8 0-1

[Event "Sampa Chess Open 2024"]
[Site "Sao Paulo"]
[Date "2024.02.03"]
[Round "7.19"]
[White "De Albuquerque, Ian Telek C."]
[Black "Jorge, Denrick Cabral Jose"]
[Result "1-0"]
[WhiteElo "2089"]
[BlackElo "1874"]
[PlyCount "99"]
[EventDate "2024.01.29"]
[EventRounds "9"]
[EventCountry "BRA"]

1. e4 c5 2. Nf3 d6 3. d4 cxd4 4. Nxd4 Nf6 5. Nc3 a6 6. Bg5 e6 7. Qf3 Be7 8.
O-O-O Qc7 9. g4 Nbd7 ({RR} 9... Nc6 10. Rg1 Bd7 11. Nb3 b5 12. a3 Rc8 13. Kb1
b4 14. axb4 Nxb4 15. Bd3 a5 16. Qe2 a4 17. Nd4 O-O 18. f4 Qb6 19. Bxf6 Bxf6 20.
e5 dxe5 21. fxe5 Be7 22. Bb5 Rxc3 23. Bxd7 Rb8 24. Qb5 {Mamedov,N (2463)
-Ibrahimov,R (2511) Baku 2005 0-1}) 10. Bd2 $146 ({RR} 10. Rg1 b5 11. Bxf6 gxf6
12. a3 Rb8 13. Rg3 b4 14. axb4 Rxb4 15. Na2 Ra4 16. Kb1 Nc5 17. Qc3 Qb6 18. f3
Bb7 19. Bc4 Kd7 20. Rh3 Rc8 21. Bb3 Ra5 22. Rxh7 Nxe4 23. Qe3 Ng5 24. Rxf7 Nxf7
{Byvshev,V-Tolush,A Leningrad (Russia) 1954 1-0 (43)}) ({RR} 10. Bxf6 Nxf6 11.
g5 Nd7 12. Rg1 b5 13. a3 Rb8 14. Qh3 b4 15. axb4 Rxb4 16. g6 Nf6 17. gxf7+ Kxf7
18. e5 dxe5 19. Nf3 g6 20. Ng5+ Kg7 21. Bxa6 h6 22. Nxe6+ Bxe6 23. Qxe6 g5 24.
Nb5 Qc5 {Ulanowski,K (2149)-Kyc,J (2283) Suwalki POL 2018 0-1 (32)}) ({RR} 10.
Rg1 b5 11. Bxf6 gxf6 12. a3 Rb8 13. Qe3 b4 14. axb4 Rxb4 15. Nb3 Nb6 16. Rd4
Rxd4 17. Qxd4 Rg8 18. Be2 h5 19. f3 hxg4 20. Rxg4 Rxg4 21. fxg4 d5 22. exd5
Nxd5 23. Nxd5 exd5 24. Qxd5 Qxh2 {Huebner,R-McCurdy,G Copenhagen 1967 1-0 (57)}
) ({RR} 10. Bxf6 Bxf6 11. h4 b5 12. Bxb5 O-O 13. Bxd7 Bxd7 14. g5 Be5 15. Qe3
d5 16. Nce2 Rab8 17. f4 Bd6 18. e5 Bc5 19. Qd3 Qb6 20. b3 a5 21. a4 Bc8 22. Nb5
Ba6 23. f5 exf5 24. Nec3 d4 {Hansson,D (2330)-Reinert,M Copenhagen 1981 0-1 
(40)}) 10... Ne5 11. Qg3 b5 12. g5 Nfd7 13. f4 Nc4 14. Bg2 b4 15. Nce2 Nxd2 16.
Rxd2 Bb7 17. h4 Nc5 18. Qe3 f5 19. Ng3 fxe4 20. Nxe4 e5 21. Nf5 Nxe4 22. Bxe4
O-O 23. Rhd1 Kh8 24. fxe5 Bxe4 25. Qxe4 Rae8 26. Nxd6 Bxd6 27. Rxd6 Qa5 28. Qd5
Qc7 29. e6 Rc8 30. Qd3 Rf2 31. Rd8+ Rf8 32. Rxf8+ Rxf8 33. Qd6 Qxd6 34. Rxd6
Kg8 35. e7 Re8 36. Rd8 Kf7 37. Rxe8 Kxe8 38. c4 bxc3 39. bxc3 Kxe7 40. Kd2 h6
41. gxh6 gxh6 42. Ke3 Kd6 43. Kd4 Kc6 44. h5 a5 45. c4 a4 46. a3 Kb6 47. Kd5
Ka6 48. Kd6 Kb7 49. c5 Kc8 50. Kc6 1-0

[Event "Sampa Chess Open 2024"]
[Site "Sao Paulo"]
[Date "2024.02.03"]
[Round "7.20"]
[White "Dos Santos Junior, Haroldo Cunha"]
[Black "Cardoso, Maria Paula Da Silv"]
[Result "0-1"]
[WhiteElo "2033"]
[BlackElo "1780"]
[PlyCount "56"]
[EventDate "2024.01.29"]
[EventRounds "9"]
[EventCountry "BRA"]

1. d4 d5 2. Nf3 Nf6 3. Bf4 c5 4. e3 Nc6 5. c3 Qb6 6. Qb3 c4 7. Qc2 g6 8. Nbd2 (
{RR} 8. b3 Bf5 9. Qb2 Bg7 10. Nbd2 O-O 11. h3 Rac8 12. Be2 Ne4 13. O-O Nxd2 14.
Qxd2 cxb3 15. axb3 e5 16. dxe5 Rfd8 17. b4 Be4 18. Rac1 a6 19. Rfd1 Re8 20. Ng5
Nxe5 21. f3 h6 22. Nxf7 Nxf7 {Pakleza,Z (2496)-Odegov,A (2286) chess.com INT
2021 0-1 (78)}) 8... Bf5 9. Qc1 Qd8 ({RR} 9... Bg7 10. h3 h6 11. b3 cxb3 12.
axb3 g5 13. Bg3 Rc8 14. Qa3 O-O 15. Be2 Ne4 16. Nxe4 Bxe4 17. O-O f5 18. Nd2
Bc2 19. Bf3 Qd8 20. Rfc1 Be4 21. Nxe4 dxe4 22. Be2 Kh8 23. Bc4 Qd7 24. Qa2 {
Van de Mortel,J (2411)-Kishnev,S (2489) Belgium 2001 0-1 (65)}) 10. b3 $146 ({
RR} 10. Be2 Bg7 11. O-O Nh5 12. Re1 Nxf4 13. exf4 O-O 14. Ne5 Nxe5 15. fxe5 Bd7
16. Nf3 b5 17. Qe3 e6 18. Bd1 f6 19. Bc2 f5 20. Qf4 Qe7 21. h4 h5 22. a3 a5 23.
Qd2 Rfd8 24. Ng5 Be8 {Petrik,V-Foltys,M Zlin 1943 1-0 (54)}) ({RR} 10. h3 Bg7
11. g4 Be4 12. Nxe4 Nxe4 13. Nd2 Nxd2 14. Qxd2 O-O 15. Be2 e5 16. Bg3 Qd7 17.
O-O f5 18. dxe5 Nxe5 19. Bxe5 Bxe5 20. Bxc4 Rad8 21. Rad1 Qe7 22. Bxd5+ Kh8 23.
Qe2 fxg4 24. Qxg4 Rf5 {Baier,F (1854)-Seisenberger,G (2051) Augsburg 2013 1/
2-1/2 (65)}) 10... b5 11. a4 a6 12. Ne5 Nxe5 13. Bxe5 Bg7 14. axb5 axb5 15.
bxc4 bxc4 16. e4 dxe4 17. Bxc4 O-O 18. O-O Bh6 19. Bxf6 Rxa1 20. Qxa1 exf6 21.
Nb3 Qc7 22. Nc5 Bf4 23. Qa2 Bxh2+ 24. Kh1 Qf4 25. f3 Bg3 26. Kg1 Qh4 27. Rf2 e3
28. Rb2 e2 0-1

[Event "Sampa Chess Open 2024"]
[Site "Sao Paulo"]
[Date "2024.02.03"]
[Round "7.21"]
[White "Blanco, Gustavo Jose Bachur"]
[Black "Cordero, Daniela"]
[Result "0-1"]
[WhiteElo "1491"]
[BlackElo "2028"]
[PlyCount "94"]
[EventDate "2024.01.29"]
[EventRounds "9"]
[EventCountry "BRA"]

1. e4 e6 2. d4 d5 3. exd5 exd5 4. Nf3 Nf6 5. Bg5 Be7 6. Bd3 Nc6 ({RR} 6... Ne4
7. Bxe7 Qxe7 8. Qe2 O-O 9. Nbd2 Bf5 10. Bxe4 dxe4 11. Ne5 Nd7 12. Nxd7 Qxd7 13.
c3 Bg4 14. Qe3 f5 15. O-O Rae8 16. Qf4 h6 17. Nb3 b6 18. Qd2 Rf6 19. Rae1 Rg6
20. Qe3 Bf3 21. g3 {Ramirez,A (1541)-Barreto,C (1778) Montevideo URU 2019 0-1})
7. O-O ({RR} 7. c3 h6 8. Bh4 Nh5 9. Bg3 O-O 10. Nbd2 Nxg3 11. hxg3 Re8 12. O-O
Bf6 13. Qb3 b6 14. Rae1 Rxe1 15. Rxe1 Be6 16. Qc2 Qd6 17. b4 Ne7 18. Ne5 c5 19.
bxc5 bxc5 20. Ndf3 c4 21. Bh7+ Kh8 {Kramnik,V (2809)-Bareev,E (2707) Monte
Carlo 2002 0-1 (51)}) 7... Nb4 $146 ({RR} 7... Bg4 8. c3 Qd6 9. h3 Bxf3 10.
Qxf3 O-O-O 11. Bf5+ Nd7 12. Bf4 Qf6 13. Bxd7+ Rxd7 14. Qe3 Rg8 15. Nd2 g5 16.
Bg3 h5 17. f4 g4 18. h4 Qf5 19. a4 Bd6 20. Rac1 Re7 21. Qf2 Rge8 22. Rfe1 {
Belill,M-Carroll,R Lansing 1995 1/2-1/2 (38)}) ({RR} 7... h6 8. Bf4 O-O 9. c3
Bd6 10. Bxd6 Qxd6 11. Re1 Bg4 12. h3 Bh5 13. Nbd2 Rae8 14. Qb3 b6 15. Qa4 Rxe1+
16. Rxe1 Bxf3 17. Nxf3 a5 18. Ne5 Ne7 19. Bb5 Rd8 20. f3 Nh5 21. Be8 Nf4 22.
Bxf7+ {Turov,M (2543)-Bareev,E (2715) chessassistantclub.com INT 2004 1-0 (60)}
) ({RR} 7... Bg4 8. c3 Qd7 9. Nbd2 h6 10. Bf4 Nh5 11. Be5 O-O 12. Qc2 Bd6 13.
Rfe1 Nf4 14. Bxd6 cxd6 15. Re3 Nxd3 16. Qxd3 Ne7 17. Rae1 Ng6 18. Qc2 Rae8 19.
Qb3 Be6 20. Rc1 Rc8 21. Ne1 Rc6 22. Nd3 {Forchert,M-Starke,D (2305) Enger
Spenge 1990 1/2-1/2}) 8. Be2 Bf5 9. Na3 O-O 10. c3 Nc6 11. Nc2 h6 12. Bh4 Re8
13. Ne3 Be6 14. Bd3 Ne4 15. Bxe7 Nxe7 16. Qc2 f5 17. Ne5 c5 18. dxc5 Qc7 19.
Nf3 Qxc5 20. Nd4 Bd7 21. Rad1 Rac8 22. Kh1 b5 23. f3 f4 24. Nxd5 Nxd5 25. fxe4
Ne3 26. Qb3+ Kh8 27. Rxf4 Nxd1 28. Qxd1 b4 29. Ne2 Rcd8 30. Qc2 Be6 31. h3 bxc3
32. Nxc3 Bxh3 33. gxh3 Qe5 34. Nd5 Rxd5 35. exd5 Qxf4 36. Kg2 Qg5+ 37. Kf2 Qxd5
38. Bg6 Qd4+ 39. Kg2 Rf8 40. Qe2 Qf4 41. Bd3 Qg5+ 42. Kh1 Rc8 43. Kh2 Rf8 44.
Kh1 Qg3 45. Qe4 Qxh3+ 46. Kg1 Qg3+ 47. Kh1 Qf3+ 0-1